Statistics for One punch man

Click here to take the quiz!

General Stats

  • This quiz has been taken 79 times
  • The average score is 5 of 10

Answer Stats

HintAnswer% Correct
Caped BaldySaitama
99%
CyborgGenos
92%
Student of BangGarou
72%
Tornado of TerrorTatsumaki
69%
Blizzard of HellFubuki
62%
BangSilver Fang
41%
BadMetal Bat
39%
Idol/Mentor of TornadoBlast
31%
Metal KnightBofoi
21%
Atomic KnightKamikaze
15%

Score Distribution

Percentile by Number Answered

Percent of People with Each Score

Your Score History

You have not taken this quiz